Candidatos à presidência do Brasil nas eleições de 2018 - Statistics

Estatísticas Gerais
  • Esse quiz foi jogado 184 vezes
    168 desde o último reset
  • A pontuação média é 10 de 13
Estatísticas das Respostas
Partido Número Candidato % Correto
PSL 17 Jair Bolsonaro
99%
PT 13 Fernando Haddad
98%
PDT 12 Ciro Gomes
94%
REDE 18 Marina Silva
93%
PATRI 51 Cabo Daciolo
88%
PSOL 50 Guilherme Boulos
83%
NOVO 30 João Amoêdo
80%
PSDB 45 Geraldo Alckmin
77%
MDB 15 Henrique Meirelles
74%
DC 27 José Maria Eymael
72%
PODE 19 Alvaro Dias
67%
PSTU 16 Vera Lúcia
62%
PPL 54 João Vicente Goulart
38%
Nenhum quiz correspondente encontrado
Distribuição das Pontuações
Porcentagem de Pessoas com Cada Pontuação
Percentil de Números Respondidos
Sua Pontuação Histórica
Você não jogou esse quiz desde o último reset